Письма к Адель Иосифовне Соловьевой - корреспонденты: Поликсена Владимировна Соловьева, Поликсена Сергеевна Соловьева, Вера Серг...

Доступно только в Электронных читальных залах Найти на картеНа карте
RUSMARC
00003932nmc2a22002413x 450
001365cc2de-8754-401e-811f-635cd6e5d0e6
00520211112205945.0
100##$a20210423l16011914k l0rusy0189 ca
1010#$arus
102##$aRU
105##$ay###
1222#$ad
2001#$aПисьма к Адель Иосифовне Соловьевой - корреспонденты: Поликсена Владимировна Соловьева, Поликсена Сергеевна Соловьева, Вера Сергеевна Попова, Поликсена Ниловна Попова, Сергей Нилович Попов, Таня (Татьяна Ниловна Попова?), Михаил Сергеевич Соловьев, Сергей Михайлович Соловьев, Сергей Всеволодович Соловьев
$jбез даты
215##$a145 л.
$d36,5х26 см
251##$cДело
300##$aМатериалы Адель Иосифовны Соловьевой
371##$aДокумент не является опубликованным и широко распространяемым
461#0$1001d0917895-c956-483f-9ab4-be765e12253d
$12001
$aСписки и переписка о личном составе Технического комитета [при отделе земельных улучшений]
$1251
$cДело
$1852
$j611
462#0$1001d083bb1a-1ade-4a1c-914c-3a57ab9de689
$12001
$aЛичные, служебные, творческие и другие материалы С.М. и Вс.С. Соловьевых
$1251
$cОпись
$1852
$j1
801#0$aRU
$bРГИА
$c20210423
$gRCR
801#1$aRU
$bГлавНИВЦ
$c20210423
$2rusmarc
801#2$aRU
$bПБ им. Б.Н. Ельцина
$c20211112
$gRCR
$2rusmarc
850##$aРГИА
852##$aРГИА
$eФедеральное казенное учреждение "Российский государственный исторический архив" (РГИА)
$j147
937##$hРГИА
$d12348108
$aASBIBLIO_SCAN
035##$aRusGRCC00032362
856##$uhttp://readingroom.main.prlib.ru/item.aspx?id_node=n170415272&mode=full
Формат отображения